000
00239nam a2200097Ia 4500
001
842044
005
20250826173216.0
008
250824s9999 xx 000 0 und d
245
0
_a
SUSACAK VAR
_c
KAHRAMAN TAZEOĞLU
260
_b
DESTEK YAYINLARI
999
_c
842044
_d
842044